Secrecy taransparancy and accountability / (Record no. 37379)

MARC details
000 -LEADER
fixed length control field 00724nam a22001937a 4500
005 - DATE AND TIME OF LATEST TRANSACTION
control field 20100723124157.0
010 ## - LCCN (DPL NO)
LC control number ENG-96577
020 ## - INTERNATIONAL STANDARD BOOK NUMBER
International Standard Book Number 9788190809696
Terms of availability 395.00
035 ## - SYSTEM CONTROL NUMBER
System control number EN-80110
037 ## - SOURCE OF ACQUISITION
Source of stock number/acquisition DBAD/PUB
100 ## - MAIN ENTRY--PERSONAL NAME
Personal name Mehta, Astha
245 ## - TITLE STATEMENT
Title Secrecy taransparancy and accountability /
Statement of responsibility, etc by Astha Mehta
260 ## - PUBLICATION, DISTRIBUTION, ETC. (IMPRINT)
Place of publication, distribution, etc New Delhi
Name of publisher, distributor, etc Samayik Books
Date of publication, distribution, etc 2009
270 ## - ADDRESS
Address 3320-21,Jatwara,Daryaganj
City New Delhi
Postal code 110002
300 ## - PHYSICAL DESCRIPTION
Extent 128p.
Dimensions 23cm (Hb)
500 ## - GENERAL NOTE
General note Including Bibliographical references
942 ## - ADDED ENTRY ELEMENTS (KOHA)
Source of classification or shelving scheme Dewey Decimal Classification
Item type English Books
Call number suffix MEH
Classification part 342.540853
Holdings
Withdrawn status Lost status Not for loan Collection code Home library Current library Date acquired Source of acquisition Cost, normal purchase price Full call number Barcode Copy number Cost, replacement price Koha item type
    Not For Loan Non-fiction D.B.Act.Division D.B.Act.Division 23/07/2010 DBAD/PUB 395.00 342.540853 MEH EN-80110 1 395.00 English Books

© Delhi Public Library
Hit Counter
free hit counter